Catálogo público

Modificaciones al sistema de clasificación climática de Koopen (para adaptarlas a las condiciones de la República Mexicana) / (Record no. 165557)

MARC details
000 -CABECERA
campo de control de longitud fija 00726nam a2200253Ia 4500
001 - NÚMERO DE CONTROL
campo de control Z_2500
003 - IDENTIFICADOR DEL NÚMERO DE CONTROL
campo de control CHAP
008 - DATOS DE LONGITUD FIJA--INFORMACIÓN GENERAL
campo de control de longitud fija 220113s1981 xx 000 0 und d
010 ## - NÚMERO DE CONTROL DE LA BIBLIOTECA DEL CONGRESO
Número de control de LC 165557
040 ## - FUENTE DE LA CATALOGACIÓN
Centro/agencia transcriptor CHAP
082 ## - NÚMERO DE LA CLASIFICACIÓN DECIMAL DEWEY
Número de clasificación 551.59 G3
100 ## - ENTRADA PRINCIPAL--NOMBRE DE PERSONA
Nombre de persona García de Miranda, Enriqueta
9 (RLIN) 45916
245 ## - MENCIÓN DE TÍTULO
Título Modificaciones al sistema de clasificación climática de Koopen (para adaptarlas a las condiciones de la República Mexicana) /
Mención de responsabilidad, etc. Enriqueta García de Miranda
250 ## - MENCIÓN DE EDICIÓN
Mención de edición 3a ed. corregida y aumentada
260 ## - PUBLICACIÓN, DISTRIBUCIÓN, ETC.
Lugar de publicación, distribución, etc. México, D. F. :
Nombre del editor, distribuidor, etc. [s. n.],
Fecha de publicación, distribución, etc. 1981
300 ## - DESCRIPCIÓN FÍSICA
Extensión 252 p.
650 ## - PUNTO DE ACCESO ADICIONAL DE MATERIA--TÉRMINO DE MATERIA
Término de materia o nombre geográfico como elemento de entrada Climatología I. t.
9 (RLIN) 139478
901 ## - ELEMENTOS DE DATOS A LOCAL LDA (RLIN)
a 551.59 G3
902 ## - ELEMENTOS DE DATOS B LOCAL, LDB (RLIN)
a M
910 ## - DATOS DE OPCIÓN DEL USUARIO (OCLC)
Datos de opción del usuario 1981
942 ## - ELEMENTOS DE PUNTO DE ACCESO ADICIONAL (KOHA)
Tipo de ítem Koha Libro_
942 ## - ELEMENTOS DE PUNTO DE ACCESO ADICIONAL (KOHA)
Tipo de ítem Koha
Holdings
Estado de retiro Estado de pérdida Fuente del sistema de clasificación o colocación Estado dañado No para préstamo Código de colección Localización permanente Ubicación/localización actual Ubicación en estantería Fecha de adquisición Total de préstamos Código de barras Fecha visto por última vez Fecha del último préstamo Número de copia Precio válido a partir de Tipo de ítem Koha
    Dewey Decimal Classification     General Zootecnia Zootecnia   09/11/2005 1 z_2428 22/08/2024 22/08/2024 1 18/01/2022 Libro
    Dewey Decimal Classification     General Zootecnia Zootecnia   09/11/2005 3 z_2429 23/10/2023 23/10/2023 2 18/01/2022 Libro
    Dewey Decimal Classification     General Zootecnia Zootecnia   09/11/2005 2 z_2430 24/09/2024 24/09/2024 3 18/01/2022 Libro